| 000 | 00709cab a2200193 4500 | ||
|---|---|---|---|
| 001 | ##L133063 | ||
| 008 | 060406n2006 000 0 eng u | ||
| 035 | _a(Sirsi) u133063 | ||
| 041 | 0 | _aeng | |
| 100 | 1 | _aDover, Molly | |
| 245 | 0 | 0 |
_aREITs _byour FAQs answered |
| 260 | _c2006 | ||
| 490 | 0 |
_aProperty Week _v71(13) 31 March 2006, 34-36(3) |
|
| 520 | _aProvides concise answers to key questions about REITs and their effect on the market. | ||
| 590 | _aIKA110406 | ||
| 690 | _aPROPERTY-PROPERTY FINANCE AND INVESTMENT-REAL ESTATE INVESTMENT TRUSTS | ||
| 856 | 4 | 8 |
_uhttps://www.propertyweek.com/reits-your-faqs-answered/3065208.article _zView the item free of charge at www.propertyweek.com |
| 942 | _n0 | ||
| 999 |
_c76782 _d76782 |
||